Ecological literacy : education and the transition to a postmodern world
Αποθηκεύτηκε σε:
| Κύριος συγγραφέας: | |
|---|---|
| Μορφή: | Βιβλίο |
| Γλώσσα: | English |
| Δημοσίευση: |
New York :
State University of New York Press,
c1992
|
| Σειρά: | SUNY series in constructive postmodern thought
|
| Θέματα: | |
| Ετικέτες: |
Προσθήκη ετικέτας
Δεν υπάρχουν, Καταχωρήστε ετικέτα πρώτοι!
|
MARC
| LEADER | 00000nam a2200000 i 4500 | ||
|---|---|---|---|
| 001 | 1/44384 | ||
| 008 | 031105s1992 eng d | ||
| 020 | |a 0-7914-0874-4 | ||
| 035 | |l 10071537 | ||
| 040 | |a GR-MY-UA |b gre |e aacr | ||
| 041 | 0 | |a eng | |
| 082 | 0 | |a 304.2071 | |
| 100 | 1 | |a Orr, David W. |d 1944- | |
| 245 | 1 | 0 | |a Ecological literacy : |b education and the transition to a postmodern world / |c David W. Orr |
| 260 | |a New York : |b State University of New York Press, |c c1992 | ||
| 300 | |a xiii, 210 σ.; |c 24 εκ. | ||
| 490 | 1 | |a SUNY series in constructive postmodern thought | |
| 504 | |a Περιέχει βιβλιογραφία και ευρετήριο | ||
| 650 | 0 | 0 | |a Education |x Aims and objectives. |
| 650 | 0 | 0 | |a Environmental education. |
| 650 | 0 | 0 | |a Human ecology. |
| 830 | 0 | |a SUNY series in constructive postmodern thought | |
| 852 | |a INST |b LESVOS |e 20031105 |h 304.2071 ORR |p 005100029611 |q 005100029611 |t BK |y 0 | ||
| 901 | |a BIBL1-2003-3 | ||
| 909 | |a Λ |b 106795 | ||
| 922 | |a 1ΕΛΗ |b 200310 |c ΕΠΕΑΕΚ2/ΤΠ |d ΜΙΧΑΛΟΠΟΥΛΟΣ | ||
| 950 | |a 107-2003-06-11 | ||
| 970 | |a ΚΑΡΑ |b ΓΙΑΣΕΜΗ |z 2003/11/07 | ||